Caesar Augustus : seven aspects /

Bibliographic Details
Other Authors: Millar, Fergus, Segal, Erich, 1937-2010
Format: Book
Language:English
Published: Oxford [Oxfordshire] ; New York : Clarendon Press, 1984.
Subjects:

MARC

Tag First Indicator Second Indicator Subfields
LEADER 00000pam a2200000 a 4500
001 in00000535721
005 20151013174923.0
008 830929s1984 enk b 11100beng
010 |a  83020976  
020 |a 0198148518 :  |c 18.00 ($35.95 U.S.) 
020 |a 0198148585 (pbk.) :  |c 7.95 ($15.90 U.S.) 
035 |a (OCoLC)10023071 
035 |9 ACH5286AM 
039 0 |a 2  |b 3  |c 3  |d 3  |e 3 
040 |a DLC  |c DLC  |d TXA  |d UtOrBLW 
043 |a e------  |a ff-----  |a aw----- 
049 |a TXAM  |c [936831] 
050 0 0 |a DG279  |b .C33 1984 
082 0 |a 937/.07/0924  |2 19 
245 0 0 |a Caesar Augustus :  |b seven aspects /  |c edited by Fergus Millar and Erich Segal. 
264 1 |a Oxford [Oxfordshire] ;  |a New York :  |b Clarendon Press,  |c 1984. 
300 |a x, 221 pages ;  |c 22 cm. 
336 |a text  |b txt  |2 rdacontent 
337 |a unmediated  |b n  |2 rdamedia 
338 |a volume  |b nc  |2 rdacarrier 
500 |a Papers presented at a colloquium held at Wolfson College, Oxford in April 1983. 
504 |a Includes bibliographies and index. 
600 0 0 |a Augustus,  |c Emperor of Rome,  |d 63 B.C.-14 A.D.  |x Congresses. 
600 1 0 |a Syme, Ronald,  |d 1903-1989. 
650 0 |a Emperors  |z Rome  |v Biography  |x Congresses. 
651 0 |a Rome  |x History  |y Augustus, 30 B.C.-14 A.D.  |x Congresses. 
700 1 |a Millar, Fergus. 
700 1 |a Segal, Erich,  |d 1937-2010. 
999 |a MARS 
999 f f |s 38d9b655-2d8c-3282-937c-4ec5a5fa8c09  |i ea604028-8fa0-380a-8eaf-59360c5d7037  |t 0 
952 f f |p normal  |a Texas A&M University  |b College Station  |c Sterling C. Evans Library  |d Evans: Library Stacks  |t 0  |e DG279 .C33 1984  |h Library of Congress classification  |i unmediated -- volume  |m A14808204809 
998 f f |a DG279 .C33 1984  |t 0  |l Evans: Library Stacks